01154nam a2200193Ia 4500001001100000003001000011008004100021040002500062041001300087100003200100245006000132250001100192260008300203300002700286500025400313501011400567520025400681650002500935L198-14518IT-CnALBA170116s9999||||xx |||||||||||||| ||und|| aIT-CnALBAcIT-CnALBA aITALIANO aKIERKEGAARD SOEREN, DANESE. 0aENTEN-ELLER. (AUT-AUT). UN FRAMMENTO DI VITA. VOL. II.  a2a ed. aMILANObADELPHI - EDIZIONI, S.P.A. c1977 [1° Ed.: - Ed.Ling.Originale: 1843] a217 p. (prefazione: 9) aIL RIFLESSO DEL TRAGICO ANTICO NEL TRAGICO MODERNO. UN SAGGIO DI RICERCA FRAMMENTARIA. SILHOUETTES. PASSATEMPO PSICOLOGICO. IL PIÙ INFELICE. UNA FERVENTE ARRINGA. IL PRIMO AMORE. COMMEDIA IN UN ATTO. NOTE ESSENZIALI. A CURA DI ALESSANDRO CORTESE.  aSocietà San Paolo EM - Piazza San Paolo, 14 - 12051 ALBA (CN) (non commercial uses only) ® Copyright 2017 aIL RIFLESSO DEL TRAGICO ANTICO NEL TRAGICO MODERNO. UN SAGGIO DI RICERCA FRAMMENTARIA. SILHOUETTES. PASSATEMPO PSICOLOGICO. IL PIÙ INFELICE. UNA FERVENTE ARRINGA. IL PRIMO AMORE. COMMEDIA IN UN ATTO. NOTE ESSENZIALI. A CURA DI ALESSANDRO CORTESE.  aFILOSOFIA SCANDINAVA